[Event "LSS No Engine Cup 72 Preliminary 4"]
[Site "LSS email"]
[Date "2012.09.06"]
[Round "?"]
[White "Digalakis, Georgios"]
[Black "Molina, Vicente Andres"]
[Result "1-0"]
[WhiteElo "1572"]
[BlackElo "822"]
[PlyCount "43"]
[EventDate "2012.09.07"]
[EventType "tourn (corr)"]
[EventRounds "6"]
[EventCountry "GER"]
[SourceTitle "Telechess CBM 163"]
[Source "ChessBase"]
[SourceDate "2014.11.11"]
[SourceVersion "2"]
[SourceVersionDate "2014.11.11"]
[SourceQuality "1"]

1. d4 d5 2. c4 c6 3. Nf3 Nf6 4. e3 g6 5. Nc3 Bg7 6. Bd3 0-0 7. 0-0 dxc4 8. Bxc4 b5 9. Bd3 b4 10. Na4 a5 11. Qc2 Nd5 12. Bd2 Na6 13. Qxc6 Nb8 14. Qxa8 Na6 15. Bxa6 Bxa6 16. Qxa6 e5 17. dxe5 Nc7 18. Qxa5 Ne6 19. Bxb4 Re8 20. Qxd8 Rxd8 21. Rfd1 Rxd1+ 22. Rxd1 1-0

[Event "LSS No Engine Cup 71 Preliminary 5"]
[Site "LSS email"]
[Date "2012.08.27"]
[Round "?"]
[White "Digalakis, Georgios"]
[Black "Helmbrecht, John R"]
[Result "1/2-1/2"]
[WhiteElo "1572"]
[BlackElo "1472"]
[PlyCount "50"]
[EventDate "2012.08.28"]
[EventType "tourn (corr)"]
[EventRounds "6"]
[EventCountry "GER"]
[SourceTitle "Telechess CBM 165"]
[Source "ChessBase"]
[SourceDate "2015.03.11"]
[SourceVersion "1"]
[SourceVersionDate "2015.03.11"]
[SourceQuality "1"]

1. d4 d5 2. c4 e6 3. Nc3 Nf6 4. cxd5 exd5 5. Bg5 c6 6. e3 Be7 7. Qc2 Nbd7 8. Bd3 Nh5 9. Bxe7 Qxe7 10. Nf3 Nf4 11. 0-0 Nxd3 12. Qxd3 0-0 13. Rfe1 Nf6 14. Ne5 Ne8 15. e4 dxe4 16. Qxe4 Be6 17. Rad1 Rd8 18. Qc2 Nf6 19. b3 Qb4 20. Qd3 Nd5 21. Ne4 Bf5 22. Nf3 Bg6 23. Ne5 Bf5 24. Nf3 Bg6 25. Ne5 Bf5 1/2-1/2

[Event "LSS No Engine Cup 71 Preliminary 5"]
[Site "LSS email"]
[Date "2012.08.27"]
[Round "?"]
[White "Digalakis, Georgios"]
[Black "Lauer, Fredric"]
[Result "1-0"]
[WhiteElo "1572"]
[BlackElo "949"]
[PlyCount "30"]
[EventDate "2012.08.28"]
[EventType "tourn (corr)"]
[EventRounds "6"]
[EventCountry "GER"]
[SourceTitle "Corr 2015"]
[Source "ChessBase"]
[SourceDate "2015.07.17"]
[SourceVersion "1"]
[SourceVersionDate "2015.07.17"]
[SourceQuality "1"]

1. d4 d5 2. c4 dxc4 3. Nf3 Nf6 4. e3 Bg4 5. Bxc4 Bxf3 6. Qxf3 Nc6 7. Bb5 Qd5 8. Qxd5 Nxd5 9. Bd2 e6 10. Nc3 0-0-0 11. Bxc6 bxc6 12. Ne4 Nb4 13. Ke2 h6 14. Rhc1 Kb7 15. Nc5+ Kb6 1-0